000 00244 a2200109 4500
001 63354
082 _a912.095491 OXF
090 _c37405
_d37405
100 _aOxford
245 _aNew Oxford Atlas for Pakistan
260 _bPAF Book Club
942 _aNUST-CAE
_k912.095491 OXF
999 _c298427
_d298427